000 00525nam a2200217Ia 4500
003 OSt
005 20221007082539.0
006 a|||||r|||| 00| 0
007 ta
008 221006b |||||||| |||| 00| 0 eng d
024 _a20,934
037 _cTextual
040 _aFLL
_cFLL
_beng
041 _2eng
_aeng
082 _aD854:Z2, M7
100 _aAnand R.P.
245 0 _aLaw science & environmental law
260 _c1987
942 _hD854:Z2, M7
_cTEXL
_2CC
999 _c1166803
_d1166803